书目信息 |
| 题名: |
人类遗传学导论
|
|
| 作者: | 程罗根 编著 | |
| 分册: | ||
| 出版信息: | 北京 科学出版社 2015 |
|
| 页数: | 266页 | |
| 开本: | 26cm | |
| 丛书名: | ||
| 单 册: | ||
| 中图分类: | Q987 | |
| 科图分类: | ||
| 主题词: | 人类遗传学--高等教育--教材 | |
| 电子资源: | ||
| ISBN: | 978-7-03-044439-4 | |
| 000 | 00896nam0 2200229 450 | |
| 001 | 4389 | |
| 005 | 20181011112438.48 | |
| 010 | @a978-7-03-044439-4@dCNY59.00 | |
| 100 | @a20150920d2015 em y0chiy50 ba | |
| 101 | 0 | @achi |
| 102 | @aCN@b110000 | |
| 105 | @aa z 000yy | |
| 200 | 1 | @a人类遗传学导论@9ren lei yi chuan xue dao lun@f程罗根编著 |
| 210 | @a北京@c科学出版社@d2015 | |
| 215 | @a266页@c图@d26cm | |
| 330 | @a全书分成十五章,内容主要包括:人类的生殖细胞、人类染色体与染色体分析、人类基因的命名与定位、人类基因组与人类基因组计划、人类遗传的基本规律、线粒体遗传、多基因遗传、免疫与遗传、肿瘤与遗传、人类遗传病、遗传病的诊断与治疗、优生与优育、表观遗传、群体遗传等。 | |
| 510 | 1 | @aIntroduction to human genetics@zeng |
| 606 | 0 | @a人类遗传学@x高等教育@j教材 |
| 690 | @aQ987@v5 | |
| 701 | 0 | @a程罗根@9cheng luo gen@4编著 |
| 801 | 0 | @aCN@b91MARC@c20150920 |
| 905 | @aMuseLib@dQ987@e65 | |
| 人类遗传学导论/程罗根编著.-北京:科学出版社,2015 |
| 266页:图;26cm |
| ISBN 978-7-03-044439-4:CNY59.00 |
| 全书分成十五章,内容主要包括:人类的生殖细胞、人类染色体与染色体分析、人类基因的命名与定位、人类基因组与人类基因组计划、人类遗传的基本规律、线粒体遗传、多基因遗传、免疫与遗传、肿瘤与遗传、人类遗传病、遗传病的诊断与治疗、优生与优育、表观遗传、群体遗传等。 |
| ● |
| 相关链接 |
|
|
|
|
正题名:人类遗传学导论
索取号:Q987/65
 
预约/预借
| 序号 | 登录号 | 条形码 | 馆藏地/架位号 | 状态 | 备注 |
| 1 | 1124912 | 211249120 | 第二样本阅览室/ [索取号:Q987/65] | 在馆 | |
| 2 | 1124913 | 211249139 | 第三借阅区/ [索取号:Q987/65] | 在馆 | |
| 3 | 1124914 | 211249148 | 生命科学系资料室/ [索取号:Q987/65] | 在馆 |